Music Quiz

Random Music or Lyrics Quiz
Score 0/15 Timer 08:00
3 Plays Today
Lyrics Song % Correct
But it's just the price I pay. Destiny is calling me. Open up my eager eyesMr. Brightside - The Killers
65.9%
Make him the cutest that I've ever seen. Give him two lips like roses in cloverMr. Sandman - The Chordettes
48.6%
And we stare at the beautiful women. She's looking at you. Ah, no, no, she's looking at me.Mr. Jones - Counting Crows
40.7%
The three words that best describe you are as follows, and I quote, 'Stink, Stank, Stunk!'You're A Mean One, Mr. Grinch - Dr. Seuss
37.9%
Play a song for me. In the jingle jangle morning I’ll come followin’ youMr. Tambourine Man - Bob Dylan
36.2%
Look and see. Is there a letter in your bag for me?Please Mr. Postman - The Marvelettes
31.6%
He would do the old soft shoe. He would jump so high, jump so high, then he'd lightly touch downMr. Bojangles - Jerry Jeff Walker
26.9%
I've got a secret I've been hiding under my skin. My heart is human, my blood is boiling, my brain I.B.M.Mr. Roboto - Styx
23.3%
Lyrics Song % Correct
Messrs. K and H assure the public their production will be second to none. And of course Henry The Horse dances the waltzBeing For The Benefit Of Mr. Kite - The Beatles
19.9%
'Cause you can look right through me, walk right by me and never know I'm thereMister Cellophane - Chicago Musical
19.5%
I've been waiting in line and I'd like to buy some of your time. I've been saving up my life. What's your price?Excuse Me Mr. - No Doubt
11.8%
I got no friends 'cause they read the papers. They can't be seen with me. And I'm gettin' real shot down and I'm feelin' meanNo More Mr. Nice Guy - Alice Cooper
10.9%
I know what I want and I want it now. I want you.Mr. Vain - Culture Beat
8.6%
You fooled all the people with magic. Yeah you waited on Satan's call.Mr. Crowley - Ozzy Osbourne
7.2%
He is quiet and small, he is black from the ears to the tip of his tailMr. Mistoffelees - Cats Musical
6.1%

You're not logged in!

Compare scores with friends on all Sporcle quizzes.
OR
Log In

Sporcle TV

Today on Sporcle TV


Watch our educational content, quiz creation guides, and fun videos on Sporcle TV.

Show Comments

Extras

Top Quizzes Today


Score Distribution

Paid Content

Your Account Isn't Verified!

In order to create a playlist on Sporcle, you need to verify the email address you used during registration. Go to your Sporcle Settings to finish the process.

Report this User

Report this user for behavior that violates our Community Guidelines.

Details: